000
00484nam a22001097a 4500
082
_a
800/DEN
100
_a
मुख्य सम्पादक,बजरंग लाल गुप्ता
_9
83578
245
_a
पं दीनदयाल उपाध्याय
_b
जीवन दशर्न ओर समसामयिकता भाग - 1
260
_a
दिल्ली
_b
किताबवाले
_c
2022
650
_a
रचनावली
942
_c
HIN
999
_c
68521
_d
68521